|
|
|
|
| LEADER |
01575nam a2200421Ia 4500 |
| 001 |
EBC227628 |
| 003 |
MiAaPQ |
| 005 |
20200520144314.0 |
| 006 |
m o d | |
| 007 |
cr cn||||||||| |
| 008 |
030116s2003 mauk sb 001 0 eng d |
| 010 |
|
|
|z 2003041495
|
| 015 |
|
|
|a GBA3-41561
|
| 020 |
|
|
|z 9781580536462
|
| 020 |
|
|
|z 1580533590 (alk. paper)
|
| 020 |
|
|
|z 1580536468
|
| 035 |
|
|
|a (MiAaPQ)EBC227628
|
| 035 |
|
|
|a (Au-PeEL)EBL227628
|
| 035 |
|
|
|a (CaPaEBR)ebr10082043
|
| 035 |
|
|
|a (OCoLC)559838813
|
| 040 |
|
|
|a MiAaPQ
|c MiAaPQ
|d MiAaPQ
|
| 050 |
|
4 |
|a K1401
|b .M378 2003
|
| 082 |
0 |
4 |
|a 346.04/8
|2 21
|
| 100 |
1 |
|
|a Matsuura, Jeffrey H.,
|d 1957-
|
| 245 |
1 |
0 |
|a Managing intellectual assets in the digital age
|h [electronic resource] /
|c Jeffrey H. Matsuura.
|
| 260 |
|
|
|a Boston, MA :
|b Artech House,
|c c2003.
|
| 300 |
|
|
|a xi, 233 p. :
|b forms.
|
| 490 |
1 |
|
|a Artech House communications law and policy series
|
| 504 |
|
|
|a Includes bibliographical references and index.
|
| 533 |
|
|
|a Electronic reproduction. Ann Arbor, MI : ProQuest, 2015. Available via World Wide Web. Access may be limited to ProQuest affiliated libraries.
|
| 650 |
|
0 |
|a Copyright and electronic data processing.
|
| 650 |
|
0 |
|a Copyright
|x Computer programs.
|
| 650 |
|
0 |
|a Intellectual property.
|
| 650 |
|
0 |
|a Software protection
|x Law and legislation.
|
| 655 |
|
4 |
|a Electronic books.
|
| 710 |
2 |
|
|a ProQuest (Firm)
|
| 830 |
|
0 |
|a Artech House communications law and policy library.
|
| 856 |
4 |
0 |
|u https://ebookcentral.proquest.com/lib/matrademy/detail.action?docID=227628
|z Click to View
|